| 000 | 00000nam##2200000za#4500 |
| 001 | 9.571757 |
| 003 | CaOODSP |
| 005 | 20210624182901 |
| 007 | cr ||||||||||| |
| 008 | 150406|2001||||xxc|||||o f|0| 0 eng|d |
| 040 | |aCaOODSP|beng |
| 043 | |an-cn--- |
| 086 | 1 |aNH18-23/78E-PDF |
| 110 | 2 |aCanada Mortgage and Housing Corporation. |
| 245 | 14|aThe Headwaters Project : |h[electronic resource]|bEast Clayton neighbourhood concept plan |
| 260 | |aOttawa - Ontario : |bCanada Mortgage and Housing Corporation |cFebruary 2001. |
| 300 | |a8p.|bfig., graph, map, tables |
| 490 | 1 |aResearch highlight. Socio-economic series|v78 |
| 590 | |a11-23-Supp|b2011-10-17 |
| 690 | 07|aSustainable development|2gcpds |
| 775 | 08|tLe projet Headwaters : |w(CaOODSP)9.602184 |
| 776 | 0#|tThe Headwaters Project - East Clayton neighbourhood concept plan |w(CaOODSP)9.615758 |
| 830 | #0|aResearch highlight. Socio-economic series ;|v78|w(CaOODSP)9.505168 |
| 856 | 40|ahttp://publications.gc.ca|qPDF|s677 KB|uhttps://publications.gc.ca/collections/Collection/NH18-23-78E.pdf|y78 |